| 000 -LEADER |
| fixed length control field |
00643cam a2200229 a 4500 |
| 001 - CONTROL NUMBER |
| control field |
1691 |
| 003 - CONTROL NUMBER IDENTIFIER |
| control field |
BD-DhUAP |
| 005 - DATE AND TIME OF LATEST TRANSACTION |
| control field |
20200316094332.0 |
| 008 - FIXED-LENGTH DATA ELEMENTS--GENERAL INFORMATION |
| fixed length control field |
200316s1996 nyua b 000 0 eng |
| 020 ## - INTERNATIONAL STANDARD BOOK NUMBER |
| International Standard Book Number |
0697270661 |
| 040 ## - CATALOGING SOURCE |
| Original cataloging agency |
DLC |
| Transcribing agency |
DLC |
| Language of cataloging |
Eng |
| Modifying agency |
BD-DhUAP |
| 082 ## - DEWEY DECIMAL CLASSIFICATION NUMBER |
| Edition number |
23 |
| Classification number |
808.5 MAY |
| 100 ## - MAIN ENTRY--PERSONAL NAME |
| Personal name |
Mayer, Lyle Vernon. |
| 245 00 - TITLE STATEMENT |
| Title |
Fundamentals of voice and articulation / |
| Statement of responsibility, etc. |
Lyle V. Mayer. |
| 250 ## - EDITION STATEMENT |
| Edition statement |
11th ed. |
| 260 ## - PUBLICATION, DISTRIBUTION, ETC. |
| Place of publication, distribution, etc. |
New York : |
| Name of publisher, distributor, etc. |
Mc Graw Hill, |
| Date of publication, distribution, etc. |
c1996. |
| 300 ## - PHYSICAL DESCRIPTION |
| Extent |
xiv, 322 pages : |
| Other physical details |
illustrations ; |
| Dimensions |
18 cm. |
| 500 ## - GENERAL NOTE |
| General note |
Includes index. |
| 600 ## - SUBJECT ADDED ENTRY--PERSONAL NAME |
| Personal name |
Mayer, Lyle Vernon, |
| Dates associated with a name |
1916- |
| 650 ## - SUBJECT ADDED ENTRY--TOPICAL TERM |
| Topical term or geographic name entry element |
Voice culture. |
| 942 ## - ADDED ENTRY ELEMENTS (KOHA) |
| Source of classification or shelving scheme |
|
| Koha item type |
Book |